Operating systems basics / (Record no. 39929)

MARC details
000 -LEADER
fixed length control field 00785nam a22002177a 4500
005 - DATE AND TIME OF LATEST TRANSACTION
control field 20100806164132.0
010 ## - LCCN (DPL NO)
LC control number ENG-98543
020 ## - INTERNATIONAL STANDARD BOOK NUMBER
International Standard Book Number 8177356070
Terms of availability 70.00
035 ## - SYSTEM CONTROL NUMBER
System control number EN-82076
037 ## - SOURCE OF ACQUISITION
Source of stock number/acquisition DBAD/PUB
082 ## - DEWEY DECIMAL CLASSIFICATION NUMBER
Classification number 005.43
100 ## - MAIN ENTRY--PERSONAL NAME
Personal name Punitha, A.
245 ## - TITLE STATEMENT
Title Operating systems basics /
Statement of responsibility, etc by A. Punitha
260 ## - PUBLICATION, DISTRIBUTION, ETC. (IMPRINT)
Place of publication, distribution, etc Chennai
Name of publisher, distributor, etc Pavai Publication
Date of publication, distribution, etc 2008
270 ## - ADDRESS
Address 142, Johny John Khan Salai, Royappettah
City Chennai
Postal code 600014
300 ## - PHYSICAL DESCRIPTION
Extent 120p.
Dimensions 21cm (pbk)
650 ## - SUBJECT ADDED ENTRY--TOPICAL TERM
Topical term or geographic name as entry element Electronic Data Processing- Batch Processing
650 ## - SUBJECT ADDED ENTRY--TOPICAL TERM
Topical term or geographic name as entry element Operating Systems (computers)
942 ## - ADDED ENTRY ELEMENTS (KOHA)
Source of classification or shelving scheme Dewey Decimal Classification
Item type English Books
Classification part 005.43
Call number suffix PUN
Holdings
Withdrawn status Lost status Not for loan Collection code Home library Current library Date acquired Source of acquisition Cost, normal purchase price Full call number Barcode Copy number Cost, replacement price Koha item type
    Not For Loan Non-fiction D.B.Act.Division D.B.Act.Division 06/08/2010 DBAD/PUB 70.00 005.43 PUN EN-82076 1 70.00 English Books

© Delhi Public Library
Hit Counter
free hit counter